000 00771nam a2200253Ia 4500
003 OSt
005 20220916110903.0
006 a|||||r|||| 00| 0
007 ta
008 220915b |||||||| |||| 00| 0 hin d
024 _a192550
037 _cTextbook
040 _bhin
_aARTS
_cARTS
041 _ahin
082 _aO152,1NAA,1, M3
100 _aआदेश, हरिशंकर
245 0 _aअनुराग
246 _aAnurāga
260 _aनई
_bदिल्ली नेशनल पब्लि हाउस भारत
_c1983
300 _a316 पृ0
_ccm.
650 _aहिन्दी साहित्य
942 _hO152,1NAA,1, M3
_cTB
_2CC
999 _c100433
_d100433